[Event "IRL-ch 100th First Week"]
[Site "Dublin"]
[Date "2021.07.23"]
[Round "1"]
[White "Goussot, Merrill"]
[Black "Phelan, Adam"]
[Result "0-1"]
[WhiteElo "700"]
[BlackElo "700"]
[PlyCount "90"]
[EventDate "2021.07.23"]
[EventType "swiss"]
[EventRounds "5"]
[EventCountry "IRL"]
[SourceTitle "EXT 2022"]
[Source "ChessBase"]
[SourceDate "2021.10.06"]
[SourceVersion "1"]
[SourceVersionDate "2021.10.06"]
[SourceQuality "1"]

1. d4 d5 2. Nc3 c6 3. Bf4 Nf6 4. e3 Bf5 5. Bd3 Bxd3 6. Qxd3 e6 7. Nf3 Nbd7 8. Bg5 Be7 9. 0-0 0-0 10. e4 dxe4 11. Nxe4 h6 12. Bf4 Nxe4 13. Qxe4 Qb6 14. Rab1 Nf6 15. Qe3 Nd5 16. Qd2 Nxf4 17. Qxf4 Bf6 18. c3 Rfd8 19. Rfe1 Rd5 20. Re4 Qa6 21. Re3 Qxa2 22. Ree1 Rad8 23. Qc7 R5d7 24. Qf4 b5 25. Ne5 Bxe5 26. Qxe5 a5 27. Qc5 Rd6 28. b4 a4 29. Ra1 Qd2 30. Red1 Qf4 31. g3 Qf3 32. c4 Qe2 33. cxb5 Qxb5 34. Qa7 Qxb4 35. Rxa4 Qc3 36. h4 c5 37. Ra6 Rxa6 38. Qxa6 Rxd4 39. Rxd4 Qxd4 40. Qc8+ Kh7 41. Qe8 Qd1+ 42. Kg2 Qd5+ 43. Kf1 e5 44. Qc8 e4 45. Qf5+ Qxf5 0-1